[Event "POHÁR města Říčany 2023"]
[Site "Městské kulturní středisko U labutě"]
[Date "2023.08.31"]
[Round "7.1"]
[White "Smolik, Jachym"]
[Black "Horak, Martin"]
[Result "1/2-1/2"]
[WhiteFideId "23701641"]
[BlackFideId "367095"]
[WhiteElo "2340"]
[BlackElo "2302"]
[PlyCount "0"]
[EventDate "2023.08.26"]

1. d4 {[%clk 01:30:30]} {[%emt 00:24:38]} Nf6 {[%clk 01:26:07]} {[%emt
00:04:58]} 2. c4 {[%clk 01:31:26]} {[%emt 00:00:02]} e6 {[%clk 01:26:31]}
{[%emt 00:00:06]} 3. Nc3 {[%clk 01:31:51]} {[%emt 00:00:05]} Bb4 {[%clk
01:26:32]} {[%emt 00:00:29]} 4. f3 {[%clk 01:32:15]} {[%emt 00:00:06]} c5
{[%clk 01:25:20]} {[%emt 00:01:42]} 5. d5 {[%clk 01:32:39]} {[%emt 00:00:06]}
b5 {[%clk 01:25:33]} {[%emt 00:00:21]} 6. e4 {[%clk 01:32:47]} {[%emt
00:00:17]} d6 {[%clk 01:25:46]} {[%emt 00:00:18]} 7. Nge2 {[%clk 01:32:48]}
{[%emt 00:00:28]} bxc4 {[%clk 01:24:51]} {[%emt 00:01:26]} 8. Nf4 {[%clk
01:32:33]} {[%emt 00:00:45]} e5 {[%clk 01:14:59]} {[%emt 00:10:23]} 9. Nfe2
{[%clk 01:32:56]} {[%emt 00:00:06]} Nh5 {[%clk 01:07:53]} {[%emt 00:07:36]} 10.
h4 {[%clk 01:32:34]} {[%emt 00:00:52]} Nd7 {[%clk 01:03:28]} {[%emt 00:04:55]}
11. g4 {[%clk 01:29:36]} {[%emt 00:03:28]} Nf4 {[%clk 00:53:39]} {[%emt
00:10:20]} 12. Nxf4 {[%clk 01:29:09]} {[%emt 00:00:57]} exf4 {[%clk 00:54:03]}
{[%emt 00:00:06]} 13. Bxf4 {[%clk 01:07:34]} {[%emt 00:22:05]} Qf6 {[%clk
00:46:21]} {[%emt 00:08:11]} 14. Qd2 {[%clk 01:06:20]} {[%emt 00:01:44]} Ba6
{[%clk 00:37:06]} {[%emt 00:09:46]} 15. g5 {[%clk 01:04:40]} {[%emt 00:02:11]}
Qe7 {[%clk 00:35:23]} {[%emt 00:02:12]} 16. a3 {[%clk 01:04:21]} {[%emt
00:00:49]} Bxc3 {[%clk 00:32:39]} {[%emt 00:03:14]} 17. Qxc3 {[%clk 01:04:49]}
{[%emt 00:00:02]} O-O {[%clk 00:30:40]} {[%emt 00:02:30]} 18. Qa5 {[%clk
00:52:42]} {[%emt 00:12:36]} Ne5 {[%clk 00:28:23]} {[%emt 00:02:47]} 19. Kf2
{[%clk 00:21:24]} {[%emt 00:31:49]} Bc8 {[%clk 00:24:34]} {[%emt 00:04:18]} 20.
Bxe5 {[%clk 00:20:45]} {[%emt 00:01:11]} Qxe5 {[%clk 00:24:51]} {[%emt
00:00:12]} 21. Qc3 {[%clk 00:20:47]} {[%emt 00:00:28]} Rb8 {[%clk 00:12:12]}
{[%emt 00:13:09]} 22. Qxe5 {[%emt 00:00:03]} dxe5 {[%emt 00:00:04]} 23. Ra2
{[%clk 00:21:05]} {[%emt 00:00:07]} f5 {[%clk 00:10:35]} {[%emt 00:02:07]} 24.
gxf6 {[%clk 00:20:53]} {[%emt 00:00:41]} Rxf6 {[%clk 00:10:59]} {[%emt
00:00:06]} 25. Be2 {[%clk 00:13:05]} {[%emt 00:08:19]} Ba6 {[%clk 00:08:37]}
{[%emt 00:02:51]} 26. Rc1 {[%clk 00:11:42]} {[%emt 00:01:53]} Rbf8 {[%clk
00:08:49]} {[%emt 00:00:18]} 27. Rc3 {[%clk 00:10:43]} {[%emt 00:01:30]} Rf4
{[%clk 00:08:37]} {[%emt 00:00:41]} 28. Kg3 {[%clk 00:10:27]} {[%emt 00:00:46]}
R8f6 {[%clk 00:08:30]} {[%emt 00:00:38]} 29. h5 {[%clk 00:09:52]} {[%emt
00:01:05]} g6 {[%clk 00:08:50]} {[%emt 00:00:10]} 30. hxg6 {[%clk 00:07:08]}
{[%emt 00:03:14]} Rxg6+ {[%clk 00:09:16]} {[%emt 00:00:04]} 31. Kf2 {[%clk
00:07:37]} {[%emt 00:00:01]} Rgf6 {[%clk 00:08:27]} {[%emt 00:01:19]} 32. Ke3
{[%clk 00:07:40]} {[%emt 00:00:27]} h5 {[%clk 00:08:15]} {[%emt 00:00:42]} 33.
Ra1 {[%clk 00:07:59]} {[%emt 00:00:11]} h4 {[%clk 00:08:02]} {[%emt 00:00:43]}
34. Rg1+ {[%clk 00:07:38]} {[%emt 00:00:51]} Kf7 {[%clk 00:03:57]} {[%emt
00:04:34]} 35. Rg5 {[%clk 00:08:06]} {[%emt 00:00:02]} h3 {[%clk 00:03:16]}
{[%emt 00:01:11]} 36. Rh5 {[%clk 00:08:23]} {[%emt 00:00:14]} Bc8 {[%clk
00:03:30]} {[%emt 00:00:16]} 37. Rc1 {[%clk 00:07:30]} {[%emt 00:01:23]} Rg6
{[%clk 00:02:50]} {[%emt 00:01:10]} 38. Rh7+ {[%clk 00:05:15]} {[%emt
00:02:45]} Kg8 {[%clk 00:02:00]} {[%emt 00:01:20]} 39. Rc7 {[%clk 00:04:58]}
{[%emt 00:00:46]} Rf8 {[%clk 00:01:49]} {[%emt 00:00:41]} 40. Rh1 {[%clk
00:04:10]} {[%emt 00:01:19]} Rg3 {[%clk 00:01:48]} {[%emt 00:00:32]} 41. Rh2
{[%clk 00:03:02]} {[%emt 00:01:38]} Bg4 {[%clk 00:00:41]} {[%emt 00:01:37]} 42.
Kf2 {[%clk 00:03:30]} {[%emt 00:00:02]} Rgxf3+ {[%clk 00:00:54]} {[%emt
00:00:17]} 43. Bxf3 {[%clk 00:03:59]} {[%emt 00:00:02]} Rxf3+ {[%clk 00:01:17]}
{[%emt 00:00:07]} 44. Kg1 {[%clk 00:01:51]} {[%emt 00:02:37]} Rg3+ {[%clk
00:01:40]} {[%emt 00:00:07]} 45. Kf1 {[%clk 00:02:14]} {[%emt 00:00:06]} Rf3+
{[%clk 00:02:05]} {[%emt 00:00:06]} 46. Kg1 {[%clk 00:01:10]} {[%emt 00:01:34]}
Rg3+ {[%clk 00:02:30]} {[%emt 00:00:04]} 47. Kf1 {[%clk 00:01:12]} {[%emt
00:00:29]} Rf3+ {[%clk 00:02:56]} {[%emt 00:00:04]} 48. Kg1 {[%clk 00:01:12]}
{[%emt 00:00:30]} 1/2-1/2

[Event "POHÁR města Říčany 2023"]
[Site "Městské kulturní středisko U labutě"]
[Date "2023.08.31"]
[Round "7.2"]
[White "Seidl, Jan"]
[Black "Soucek, Petr"]
[Result "1/2-1/2"]
[WhiteFideId "23714522"]
[BlackFideId "23715170"]
[WhiteElo "2163"]
[BlackElo "2268"]
[PlyCount "0"]
[EventDate "2023.08.26"]

1. d4 {[%clk 01:30:52]} {[%emt 00:00:07]} Nf6 {[%clk 01:30:29]} {[%emt
00:00:31]} 2. g3 {[%clk 01:31:15]} {[%emt 00:00:06]} g6 {[%clk 01:30:44]}
{[%emt 00:00:16]} 3. Bg2 {[%clk 01:31:33]} {[%emt 00:00:12]} Bg7 {[%clk
01:31:00]} {[%emt 00:00:14]} 4. e4 {[%clk 01:31:43]} {[%emt 00:00:19]} d6
{[%clk 01:30:59]} {[%emt 00:00:31]} 5. Ne2 {[%clk 01:32:06]} {[%emt 00:00:07]}
O-O {[%clk 01:30:22]} {[%emt 00:01:07]} 6. O-O {[%clk 01:30:13]} {[%emt
00:02:23]} e5 {[%clk 01:29:46]} {[%emt 00:01:07]} 7. h3 {[%clk 01:29:45]}
{[%emt 00:00:58]} Nbd7 {[%clk 01:28:06]} {[%emt 00:02:09]} 8. Nbc3 {[%clk
01:29:46]} {[%emt 00:00:28]} Re8 {[%clk 01:26:52]} {[%emt 00:01:46]} 9. Be3
{[%clk 01:19:26]} {[%emt 00:10:50]} exd4 {[%clk 01:26:11]} {[%emt 00:01:11]} 10.
Bxd4 {[%clk 01:19:50]} {[%emt 00:00:06]} c6 {[%clk 01:15:20]} {[%emt 00:11:21]}
11. a4 {[%clk 01:19:41]} {[%emt 00:00:39]} Qe7 {[%clk 01:00:25]} {[%emt
00:15:25]} 12. g4 {[%clk 01:14:21]} {[%emt 00:05:50]} Nc5 {[%clk 00:57:25]}
{[%emt 00:03:30]} 13. Ng3 {[%clk 01:14:30]} {[%emt 00:00:21]} a5 {[%clk
00:57:15]} {[%emt 00:00:40]} 14. g5 {[%clk 01:02:24]} {[%emt 00:12:36]} Nfd7
{[%clk 00:56:49]} {[%emt 00:00:56]} 15. Bxg7 {[%clk 01:02:35]} {[%emt
00:00:19]} Kxg7 {[%clk 00:57:08]} {[%emt 00:00:12]} 16. f4 {[%clk 01:02:05]}
{[%emt 00:00:59]} f6 {[%clk 00:44:11]} {[%emt 00:13:28]} 17. h4 {[%clk
00:57:44]} {[%emt 00:04:51]} Kg8 {[%clk 00:34:55]} {[%emt 00:09:46]} 18. Qd4
{[%clk 00:47:15]} {[%emt 00:10:59]} fxg5 {[%clk 00:32:48]} {[%emt 00:02:37]} 19.
hxg5 {[%clk 00:47:06]} {[%emt 00:00:39]} Nf8 {[%clk 00:31:58]} {[%emt
00:01:21]} 20. Qd2 {[%clk 00:41:00]} {[%emt 00:06:36]} Be6 {[%clk 00:29:02]}
{[%emt 00:03:25]} 21. Rae1 {[%clk 00:32:41]} {[%emt 00:08:50]} Bf7 {[%clk
00:25:30]} {[%emt 00:04:02]} 22. Nd1 {[%clk 00:26:52]} {[%emt 00:06:20]} Qc7
{[%clk 00:16:03]} {[%emt 00:09:57]} 23. Ne3 {[%clk 00:24:28]} {[%emt 00:02:53]}
Qb6 {[%clk 00:15:20]} {[%emt 00:01:14]} 24. Kh2 {[%clk 00:23:53]} {[%emt
00:01:05]} h5 {[%clk 00:10:24]} {[%emt 00:05:25]} 25. gxh6 {[%clk 00:20:26]}
{[%emt 00:03:57]} Qxb2 {[%clk 00:10:33]} {[%emt 00:00:21]} 26. Rb1 {[%clk
00:19:37]} {[%emt 00:01:19]} Qf6 {[%clk 00:10:35]} {[%emt 00:00:28]} 27. Ng4
{[%clk 00:18:50]} {[%emt 00:01:17]} Qh4+ {[%clk 00:10:34]} {[%emt 00:00:31]} 28.
Kg1 {[%clk 00:18:29]} {[%emt 00:00:51]} Qxg4 {[%clk 00:10:10]} {[%emt
00:00:54]} 29. Qc3 {[%clk 00:18:49]} {[%emt 00:00:11]} Nfe6 {[%clk 00:09:30]}
{[%emt 00:01:11]} 30. f5 {[%clk 00:18:25]} {[%emt 00:00:55]} gxf5 {[%clk
00:09:31]} {[%emt 00:00:28]} 31. Rxf5 {[%clk 00:17:06]} {[%emt 00:01:49]} Rf8
{[%clk 00:08:07]} {[%emt 00:01:54]} 32. Bh3 {[%clk 00:08:39]} {[%emt 00:08:57]}
Qh4 {[%clk 00:08:03]} {[%emt 00:00:34]} 33. Rxc5 {[%clk 00:07:17]} {[%emt
00:01:53]} dxc5 {[%clk 00:07:54]} {[%emt 00:00:38]} 34. Bxe6 {[%clk 00:06:58]}
{[%emt 00:00:49]} Qxh6 {[%clk 00:08:01]} {[%emt 00:00:23]} 35. Bf5 {[%clk
00:05:52]} {[%emt 00:01:36]} Rad8 {[%clk 00:07:26]} {[%emt 00:01:05]} 36. Qf3
{[%clk 00:04:54]} {[%emt 00:01:27]} Rd2 {[%clk 00:07:05]} {[%emt 00:00:50]} 37.
Rxb7 {[%clk 00:04:15]} {[%emt 00:01:10]} Qh2+ {[%clk 00:07:19]} {[%emt
00:00:15]} 38. Kf1 {[%clk 00:04:40]} {[%emt 00:00:05]} Bc4+ {[%clk 00:07:39]}
{[%emt 00:00:10]} 39. Ke1 {[%clk 00:04:49]} {[%emt 00:00:21]} Bf7 {[%clk
00:03:06]} {[%emt 00:05:03]} 40. Nf1 {[%clk 00:04:00]} {[%emt 00:01:20]} Qh4+
{[%clk 00:00:37]} {[%emt 00:02:59]} 41. Kxd2 {[%clk 00:04:20]} {[%emt
00:00:10]} Rd8+ {[%clk 00:00:59]} {[%emt 00:00:08]} 42. Kc1 {[%clk 00:02:28]}
{[%emt 00:02:22]} Qh8 {[%clk 00:00:52]} {[%emt 00:00:37]} 43. Kb1 {[%clk
00:01:23]} {[%emt 00:01:37]} Qd4 {[%clk 00:00:44]} {[%emt 00:00:37]} 44. Qg3+
{[%clk 00:00:51]} {[%emt 00:01:02]} Kf8 {[%clk 00:01:00]} {[%emt 00:00:14]} 45.
Rxf7+ {[%clk 00:01:09]} {[%emt 00:00:12]} Kxf7 {[%clk 00:01:25]} {[%emt
00:00:13]} 46. Qg6+ {[%clk 00:01:19]} {[%emt 00:00:12]} Kf8 {[%clk 00:01:26]}
{[%emt 00:00:29]} 47. Qh6+ {[%clk 00:01:40]} {[%emt 00:00:08]} Ke7 {[%clk
00:01:42]} {[%emt 00:00:15]} 48. Qg5+ {[%clk 00:01:22]} {[%emt 00:00:47]} Kf8
{[%clk 00:02:03]} 1/2-1/2

[Event "POHÁR města Říčany 2023"]
[Site "Městské kulturní středisko U labutě"]
[Date "2023.08.31"]
[Round "7.3"]
[White "Rajnys, Vladimir"]
[Black "Neuman, Petr"]
[Result "0-1"]
[WhiteFideId "308200"]
[BlackFideId "305243"]
[WhiteElo "2025"]
[BlackElo "2370"]
[PlyCount "0"]
[EventDate "2023.08.26"]

1. e4 {[%clk 01:30:58]} {[%emt 00:00:02]} c6 {[%clk 01:30:55]} {[%emt
00:00:06]} 2. d4 {[%clk 01:31:12]} {[%emt 00:00:16]} d5 {[%clk 01:31:21]}
{[%emt 00:00:04]} 3. exd5 {[%clk 01:31:04]} {[%emt 00:00:38]} cxd5 {[%clk
01:31:46]} {[%emt 00:00:05]} 4. c4 {[%clk 01:31:28]} {[%emt 00:00:06]} Nf6
{[%clk 01:32:13]} {[%emt 00:00:03]} 5. Nc3 {[%clk 01:31:47]} {[%emt 00:00:10]}
g6 {[%clk 01:32:23]} {[%emt 00:00:20]} 6. Nf3 {[%clk 01:30:38]} {[%emt
00:01:38]} Bg7 {[%clk 01:32:48]} {[%emt 00:00:05]} 7. Be2 {[%clk 01:23:24]}
{[%emt 00:07:44]} O-O {[%clk 01:32:44]} {[%emt 00:00:35]} 8. O-O {[%clk
01:23:37]} {[%emt 00:00:16]} Nc6 {[%clk 01:32:54]} {[%emt 00:00:21]} 9. Bf4
{[%clk 01:21:28]} {[%emt 00:02:39]} Bg4 {[%clk 01:28:13]} {[%emt 00:05:11]} 10.
Be3 {[%clk 01:04:57]} {[%emt 00:17:00]} dxc4 {[%clk 01:23:11]} {[%emt
00:05:33]} 11. Bxc4 {[%clk 01:01:57]} {[%emt 00:03:31]} Rc8 {[%clk 01:23:22]}
{[%emt 00:00:19]} 12. d5 {[%clk 00:58:40]} {[%emt 00:03:47]} Bxf3 {[%clk
01:22:57]} {[%emt 00:00:55]} 13. gxf3 {[%clk 00:59:01]} {[%emt 00:00:08]} Ne5
{[%clk 01:23:07]} {[%emt 00:00:21]} 14. Be2 {[%clk 00:58:02]} {[%emt 00:01:28]}
Nc4 {[%clk 01:21:52]} {[%emt 00:01:46]} 15. Bd4 {[%clk 00:54:01]} {[%emt
00:04:31]} Qd6 {[%clk 01:10:22]} {[%emt 00:12:01]} 16. Qa4 {[%clk 00:45:28]}
{[%emt 00:09:03]} Qf4 {[%clk 01:03:20]} {[%emt 00:07:32]} 17. Be3 {[%clk
00:42:35]} {[%emt 00:03:22]} Qh4 {[%clk 01:03:37]} {[%emt 00:00:13]} 18. b3
{[%clk 00:32:56]} {[%emt 00:10:09]} Ng4 {[%clk 01:00:17]} {[%emt 00:03:50]} 19.
fxg4 {[%clk 00:31:55]} {[%emt 00:01:30]} Be5 {[%clk 00:59:49]} {[%emt
00:00:59]} 20. f4 {[%clk 00:25:31]} {[%emt 00:06:53]} Nxe3 {[%clk 01:00:12]}
{[%emt 00:00:07]} 21. fxe5 {[%clk 00:24:41]} {[%emt 00:01:24]} Nxf1 {[%clk
01:00:29]} {[%emt 00:00:09]} 22. Rxf1 {[%clk 00:24:07]} {[%emt 00:01:04]} Rxc3
{[%clk 01:00:55]} {[%emt 00:00:05]} 23. Qd4 {[%clk 00:20:58]} {[%emt 00:03:37]}
Rc2 {[%clk 00:59:10]} {[%emt 00:02:16]} 24. Qe3 {[%clk 00:19:40]} {[%emt
00:01:48]} Rxa2 {[%clk 00:51:03]} {[%emt 00:08:38]} 25. d6 {[%clk 00:15:34]}
{[%emt 00:04:36]} exd6 {[%clk 00:48:36]} {[%emt 00:02:57]} 26. e6 {[%clk
00:15:17]} {[%emt 00:00:47]} Qe7 {[%clk 00:47:37]} {[%emt 00:01:30]} 27. Bc4
{[%clk 00:14:17]} {[%emt 00:01:29]} f6 {[%clk 00:47:09]} {[%emt 00:00:59]} 28.
Bd5 {[%clk 00:13:54]} {[%emt 00:00:53]} Ra5 {[%clk 00:43:00]} {[%emt 00:04:38]}
29. Qd4 {[%clk 00:09:33]} {[%emt 00:04:51]} Re8 {[%clk 00:39:53]} {[%emt
00:03:37]} 30. Re1 {[%clk 00:08:15]} {[%emt 00:01:48]} Rxd5 {[%clk 00:36:58]}
{[%emt 00:03:26]} 31. Qxd5 {[%clk 00:08:31]} {[%emt 00:00:13]} Qc7 {[%clk
00:37:12]} {[%emt 00:00:17]} 32. g5 {[%clk 00:04:23]} {[%emt 00:04:38]} Qb6+
{[%clk 00:36:50]} {[%emt 00:00:52]} 33. Kg2 {[%clk 00:03:26]} {[%emt 00:01:27]}
fxg5 {[%clk 00:36:46]} {[%emt 00:00:35]} 34. e7+ {[%clk 00:02:23]} {[%emt
00:01:32]} Kg7 {[%clk 00:37:11]} {[%emt 00:00:05]} 35. Qxg5 {[%clk 00:02:29]}
{[%emt 00:00:24]} Qc6+ {[%clk 00:36:28]} {[%emt 00:01:13]} 36. Kg3 {[%clk
00:01:03]} {[%emt 00:01:56]} Qc3+ {[%clk 00:36:51]} {[%emt 00:00:07]} 37. Re3
{[%clk 00:00:53]} {[%emt 00:00:40]} Qf6 {[%clk 00:37:16]} {[%emt 00:00:06]} 0-1

[Event "POHÁR města Říčany 2023"]
[Site "Městské kulturní středisko U labutě"]
[Date "2023.08.31"]
[Round "7.4"]
[White "Vojta, Jakub"]
[Black "Hejsek, Lukas"]
[Result "1-0"]
[WhiteFideId "382515"]
[BlackFideId "393860"]
[WhiteElo "2288"]
[BlackElo "2081"]
[PlyCount "0"]
[EventDate "2023.08.26"]

1. Nf3 {[%clk 01:30:53]} {[%emt 00:00:05]} Nf6 {[%clk 01:30:51]} {[%emt
00:00:11]} 2. g3 {[%clk 01:31:03]} {[%emt 00:00:21]} d5 {[%clk 01:30:59]}
{[%emt 00:00:21]} 3. Bg2 {[%clk 01:31:25]} {[%emt 00:00:07]} e6 {[%clk
01:31:22]} {[%emt 00:00:08]} 4. O-O {[%clk 01:31:49]} {[%emt 00:00:06]} Be7
{[%clk 01:31:47]} {[%emt 00:00:05]} 5. b3 {[%clk 01:31:38]} {[%emt 00:00:42]}
O-O {[%clk 01:31:57]} {[%emt 00:00:19]} 6. c4 {[%clk 01:32:06]} {[%emt
00:00:03]} c5 {[%clk 01:22:21]} {[%emt 00:10:07]} 7. Bb2 {[%clk 01:31:52]}
{[%emt 00:00:43]} Nc6 {[%clk 01:20:15]} {[%emt 00:02:37]} 8. e3 {[%clk
01:32:17]} {[%emt 00:00:03]} b6 {[%clk 01:18:14]} {[%emt 00:02:31]} 9. Nc3
{[%clk 01:31:30]} {[%emt 00:01:17]} Bb7 {[%clk 01:18:12]} {[%emt 00:00:32]} 10.
cxd5 {[%clk 01:31:52]} {[%emt 00:00:08]} Nxd5 {[%clk 01:13:05]} {[%emt
00:05:37]} 11. Nxd5 {[%clk 01:29:43]} {[%emt 00:02:40]} Qxd5 {[%clk 01:12:10]}
{[%emt 00:01:25]} 12. d4 {[%clk 01:30:07]} {[%emt 00:00:06]} Rfd8 {[%clk
01:00:03]} {[%emt 00:12:38]} 13. Ne5 {[%clk 01:30:24]} {[%emt 00:00:12]} Qd6
{[%clk 01:00:19]} {[%emt 00:00:15]} 14. Qf3 {[%clk 01:30:27]} {[%emt 00:00:26]}
Nxe5 {[%clk 00:52:28]} {[%emt 00:08:21]} 15. Qxb7 {[%clk 01:26:32]} {[%emt
00:04:26]} Nd3 {[%clk 00:52:53]} {[%emt 00:00:05]} 16. Ba3 {[%clk 01:26:59]}
{[%emt 00:00:04]} Rac8 {[%clk 00:50:18]} {[%emt 00:03:05]} 17. Rad1 {[%clk
01:16:41]} {[%emt 00:10:48]} Rc7 {[%clk 00:32:57]} {[%emt 00:17:54]} 18. Qf3
{[%clk 01:07:38]} {[%emt 00:09:29]} Nb4 {[%clk 00:32:02]} {[%emt 00:01:25]} 19.
dxc5 {[%clk 01:07:56]} {[%emt 00:00:13]} Qxc5 {[%clk 00:31:54]} {[%emt
00:00:38]} 20. Rxd8+ {[%clk 01:07:08]} {[%emt 00:01:18]} Bxd8 {[%clk 00:32:19]}
{[%emt 00:00:05]} 21. Rc1 {[%clk 01:07:31]} {[%emt 00:00:06]} Qf8 {[%clk
00:31:49]} {[%emt 00:01:01]} 22. Rxc7 {[%clk 01:06:59]} {[%emt 00:01:03]} Bxc7
{[%emt 00:00:09]} 23. Qb7 {[%clk 01:07:05]} {[%emt 00:00:23]} Bd6 {[%clk
00:30:09]} {[%emt 00:02:32]} 24. Qxa7 {[%clk 01:06:26]} {[%emt 00:01:10]} Qe7
{[%clk 00:27:27]} {[%emt 00:03:12]} 25. Qxb6 {[%clk 01:05:56]} {[%emt
00:01:00]} h5 {[%clk 00:27:33]} {[%emt 00:00:23]} 26. h4 {[%clk 01:02:00]}
{[%emt 00:04:26]} e5 {[%clk 00:27:57]} {[%emt 00:00:06]} 27. Bxb4 {[%clk
01:01:09]} {[%emt 00:01:22]} Bxb4 {[%clk 00:28:23]} {[%emt 00:00:05]} 28. Bd5
{[%clk 01:01:31]} {[%emt 00:00:07]} Kh7 {[%clk 00:28:16]} {[%emt 00:00:37]} 29.
Bxf7 {[%clk 01:00:17]} {[%emt 00:01:45]} Bd6 {[%clk 00:28:11]} {[%emt
00:00:34]} 30. Bxh5 {[%clk 01:00:30]} {[%emt 00:00:17]} e4 {[%clk 00:28:29]}
{[%emt 00:00:11]} 31. Qd4 {[%clk 00:59:41]} {[%emt 00:01:19]} Kh6 {[%clk
00:28:08]} {[%emt 00:00:51]} 32. Bd1 {[%clk 00:59:41]} {[%emt 00:00:31]} Be5
{[%clk 00:26:27]} {[%emt 00:02:11]} 33. Qxe4 {[%clk 00:59:54]} {[%emt
00:00:17]} g5 {[%clk 00:26:52]} {[%emt 00:00:04]} 34. Bc2 {[%clk 00:59:43]}
{[%emt 00:00:40]} gxh4 {[%clk 00:27:16]} {[%emt 00:00:06]} 35. Qg6# {[%clk
00:59:38]} 1-0

[Event "POHÁR města Říčany 2023"]
[Site "Městské kulturní středisko U labutě"]
[Date "2023.08.31"]
[Round "7.5"]
[White "Bezdek, Tomas"]
[Black "Popov, Roman"]
[Result "1/2-1/2"]
[WhiteFideId "23733551"]
[BlackFideId "23732580"]
[WhiteElo "2136"]
[BlackElo "1925"]
[PlyCount "0"]
[EventDate "2023.08.26"]

1. e4 {[%clk 01:30:58]} Nf6 {[%clk 01:30:31]} {[%emt 00:00:29]} 2. e5 {[%clk
01:31:16]} {[%emt 00:00:13]} Nd5 {[%clk 01:30:54]} {[%emt 00:00:07]} 3. d4
{[%clk 01:31:34]} {[%emt 00:00:12]} d6 {[%clk 01:31:07]} {[%emt 00:00:17]} 4.
c4 {[%clk 01:31:58]} {[%emt 00:00:06]} Nb6 {[%clk 01:31:23]} {[%emt 00:00:13]}
5. exd6 {[%clk 01:32:21]} {[%emt 00:00:07]} cxd6 {[%clk 01:31:49]} {[%emt
00:00:05]} 6. d5 {[%clk 01:30:47]} {[%emt 00:02:04]} N8d7 {[%clk 01:26:43]}
{[%emt 00:05:36]} 7. Nf3 {[%clk 01:23:29]} {[%emt 00:07:49]} g6 {[%clk
01:25:05]} {[%emt 00:02:07]} 8. Be3 {[%clk 01:19:42]} {[%emt 00:04:18]} Bg7
{[%clk 01:22:22]} {[%emt 00:03:13]} 9. Bd4 {[%clk 01:19:54]} {[%emt 00:00:17]}
Nf6 {[%clk 01:21:39]} {[%emt 00:01:12]} 10. h3 {[%clk 01:19:17]} {[%emt
00:01:09]} O-O {[%clk 01:16:23]} {[%emt 00:05:46]} 11. Be2 {[%clk 01:13:09]}
{[%emt 00:06:37]} e5 {[%clk 01:08:22]} {[%emt 00:08:30]} 12. dxe6 {[%clk
01:08:16]} {[%emt 00:05:24]} fxe6 {[%clk 01:06:14]} {[%emt 00:02:38]} 13. O-O
{[%clk 01:07:52]} {[%emt 00:00:54]} e5 {[%clk 01:01:02]} {[%emt 00:05:42]} 14.
Be3 {[%clk 01:05:54]} {[%emt 00:02:29]} Qe7 {[%clk 00:51:53]} {[%emt 00:09:38]}
15. Nc3 {[%clk 01:04:15]} {[%emt 00:02:09]} Be6 {[%clk 00:47:10]} {[%emt
00:05:12]} 16. Qb3 {[%clk 00:55:58]} {[%emt 00:08:48]} Nfd7 {[%clk 00:36:47]}
{[%emt 00:10:53]} 17. Ng5 {[%clk 00:52:51]} {[%emt 00:03:37]} Nc5 {[%clk
00:33:28]} {[%emt 00:03:49]} 18. Bxc5 {[%clk 00:51:26]} {[%emt 00:01:55]} dxc5
{[%clk 00:25:49]} {[%emt 00:08:09]} 19. Nxe6 {[%clk 00:51:47]} {[%emt
00:00:09]} Qxe6 {[%clk 00:26:16]} {[%emt 00:00:02]} 20. Ne4 {[%clk 00:51:40]}
{[%emt 00:00:38]} Qe7 {[%clk 00:24:21]} {[%emt 00:02:25]} 21. a4 {[%clk
00:49:45]} {[%emt 00:02:26]} Rad8 {[%clk 00:21:46]} {[%emt 00:03:04]} 22. Nc3
{[%clk 00:45:10]} {[%emt 00:05:06]} e4 {[%clk 00:15:32]} {[%emt 00:06:44]} 23.
a5 {[%clk 00:43:26]} {[%emt 00:02:14]} e3 {[%clk 00:14:59]} {[%emt 00:01:03]}
24. f4 {[%clk 00:35:47]} {[%emt 00:08:09]} Nc8 {[%clk 00:13:11]} {[%emt
00:02:17]} 25. Bf3 {[%clk 00:35:04]} {[%emt 00:01:14]} Nd6 {[%clk 00:11:06]}
{[%emt 00:02:35]} 26. Nd5 {[%clk 00:34:16]} {[%emt 00:01:16]} Qe8 {[%clk
00:07:32]} {[%emt 00:04:05]} 27. Rfe1 {[%clk 00:29:18]} {[%emt 00:05:28]} Nf5
{[%clk 00:05:56]} {[%emt 00:02:06]} 28. Qd3 {[%clk 00:25:49]} {[%emt 00:03:59]}
Bd4 {[%clk 00:04:18]} {[%emt 00:02:08]} 29. Kh2 {[%clk 00:25:26]} {[%emt
00:00:53]} Kh8 {[%clk 00:02:58]} {[%emt 00:01:49]} 30. Rad1 {[%clk 00:23:03]}
{[%emt 00:02:53]} Qf7 {[%clk 00:02:28]} {[%emt 00:01:01]} 31. Be4 {[%clk
00:21:34]} {[%emt 00:01:59]} Ne7 {[%clk 00:02:06]} {[%emt 00:00:52]} 32. g3
{[%clk 00:18:34]} {[%emt 00:03:30]} Nxd5 {[%clk 00:01:48]} {[%emt 00:00:48]}
1/2-1/2